01789nam a2200253 a 450000100100000000500170001000800410002702000150006804000250008308200180010824500550012626000840018130000170026549000520028250000730033450507980040765000230120565000390122870000380126783000590130591000380136495201160140299900170151800004180120250520113501.0090820s1995 sp 001 0 spa d a8481640468 aDO-SdBNPbspacBNPHU a153.42bM549h00aLa mente humana /cedición de Fernando Broncano. aMadrid :bTrotta :bConsejo Superior de Investigaciones Científicas :,c1995. av. ;c24 cm.1 aEnciclopedia Iberoaméricana de Filosofíav8 aIncluye referencias bibliográficas y notas al pie de las páginas0 aLa tesis de la identidad mente-cuerpo / Eduardo Rabossi -- El funcionalismo / Manuel García-Carpintero -- La concepción teológica de los estados mentales y de su contenido / Daniel Quesada -- Teorías de la arquitectura de lo mental / Jesús Ezquerro -- El conexionismo y su impacto en la filosofía de la mente / Josep Corbí y Josep L. Paredes -- Teoría del contenido mental / Juan José Acero -- Causalidad y contenido mental / Manuel Liz -- Eliminativismo y el futuro de la psicología popular / Josefa Toribio Mateas -- Evolución y lenguaje / Antoni Gomila Benejam -- El control racional de la conducta / Fernando Broncano -- Percepción / Vicente Sanfélix Vidarte -- Qualia: propiedades fenomenológicas / Alfonso García Suárez -- Conciencia / Enrique Villanueva. 0aPensamiento922995 4aPsicología del aprendizaje9272112aBroncano, Fernándezeed.968666 0aEnciclopedia Iberoaméricana de Filosofían2968667 aValidado. Control de calildad MFF 001050718MOaGRbGRcHDd2013-10-17iLF1l0o153.42 M549hp41801-10r2020-06-25w2020-06-25y1ZNo se presta c41290d41290